| 000 | 00880nam a22002537a 4500 | ||
|---|---|---|---|
| 005 | 20131029162055.0 | ||
| 008 | 131029b2013 ck il | |||| 00| 0 spa d | ||
| 020 | _a9789587615418 | ||
| 041 | _aspa | ||
| 044 | _ack | ||
| 082 |
_a584.5 _bG21c2 |
||
| 245 |
_aCartilla para la cosecha y el manejo de palmas productoras de frutos (asaí, canangucho y milpesos) _cCarolina Isaza ...[et al]. |
||
| 260 |
_aBogotá _bUniversidad Nacional de Colombia. Facultad de Ciencias, Instituto de Ciencias Naturales _c2013 |
||
| 300 |
_a36 p. _bil. _c21 cm. |
||
| 650 |
_aPalmas _91495 |
||
| 650 |
_aArecaceae _92252 |
||
| 650 |
_aFrutas _zAmazonas (Región) _zColombia _92257 |
||
| 700 |
_aIsaza, Carolina _92258 |
||
| 700 |
_aNúñez, Luis Alberto _92259 |
||
| 700 |
_aGaleano, Gloria _9443 |
||
| 700 |
_aBernal, Rodrigo _92255 |
||
| 700 |
_aNacimiento, Armando _92260 |
||
| 942 |
_2ddc _cImpreso |
||
| 999 |
_c7700 _d7700 |
||